Couuntry Flags With Birds - Statistics

General Stats
  • This quiz has been taken 33 times
  • The average score is 11 of 14
Answer Stats
Picture Answer % Correct
Albania
97%
Mexico
97%
Egypt
90%
Kazakhstan
90%
Uganda
90%
Papua New Guinea
83%
Serbia
83%
Ecuador
79%
Montenegro
72%
Fiji
69%
Kiribati
66%
Dominica
62%
Zambia
62%
Moldova
59%
No matching quizzes found
Score Distribution
Percent of People with Each Score
Percentile by Number Answered
Your Score History
You have not taken this quiz